000
00262nam a2200097Ia 4500
082
_a
J|912|WALL
245
0
_a
World picture atlas
100
_a
Wallace, Holly, , 1961- London, 2009
_9
46708
942
_c
BK
008
210817s9999 xx 000 0 und d
999
_c
153347
_d
153346